01375nam a2200337Ia 4500001001200000003000800012006001900020007001500039008004100054010001700095020004300112040002100155035002100176050002400197082002400221245013400245260006200379300001600441490003900457500002000496533015200516650004600668650004600714655002900760700002500789700002500814710001700839830003600856856012600892999001901018ebr10356306CaPaEBRm u cr cn|||||||||090515s2010 enk s 001 0 eng d z 2009019700 z9780754665564 (hardcover : alk. paper) aCaPaEBRcCaPaEBR a(OCoLC)61220778014aR498.6b.I74 2010eb04a610.9415/.0903222200aIreland and medicine in the seventeenth and eighteenth centuriesh[electronic resource] /cedited by James Kelly and Fiona Clark. aFarnham, Surrey, UK ;aBurlington, VT :bAshgate,cc2010. axiv, 227 p.1 aThe history of medicine in context aIncludes index. aElectronic reproduction.bPalo Alto, Calif. :cebrary,d2010.nAvailable via World Wide Web.nAccess may be limited to ebrary affiliated libraries. 0aMedicinezIrelandxHistoryy17th century. 0aMedicinezIrelandxHistoryy18th century. 7aElectronic books.2local1 aClark, Fiona,d1972-1 aKelly, James,d1959-2 aebrary, Inc. 0aHistory of medicine in context.40uhttp://site.ebrary.com/lib/rucke/Doc?id=10356306zAn electronic book accessible through the World Wide Web; click to view c106110d106110